Generációváltás kihívásai a mezőgazdaság területén a Dél-alföldi régióban [absztrakt] /

Elmentve itt :
Bibliográfiai részletek
Szerzők: Wenner Gergő
Csiba Anita
Testületi szerző: Műszaki, technológiai és gazdasági kihívások a 21. században
Dokumentumtípus: Könyv része
Megjelent: Szegedi Tudományegyetem Mérnöki Kar Szeged 2025
Sorozat:Műszaki, technológiai és gazdasági kihívások a 21. században : nemzetközi magyar nyelvű tudományos konferencia
Kulcsszavak:Mezőgazdaság - Dél-Alföld - előadáskivonat, Vidékfejlesztés - Dél-Alföld - előadáskivonat
Tárgyszavak:
Online Access:http://acta.bibl.u-szeged.hu/88052
LEADER 01132naa a2200229 i 4500
001 acta88052
005 20250613150231.0
008 250613s2025 hu o 100 hun d
020 |a 978-963-688-052-1 
040 |a SZTE Egyetemi Kiadványok Repozitórium  |b hun 
041 |a hun 
100 1 |a Wenner Gergő 
245 1 0 |a Generációváltás kihívásai a mezőgazdaság területén a Dél-alföldi régióban   |h [elektronikus dokumentum] :  |b [absztrakt] /  |c  Wenner Gergő 
260 |a Szegedi Tudományegyetem Mérnöki Kar  |b Szeged  |c 2025 
300 |a 58 
490 0 |a Műszaki, technológiai és gazdasági kihívások a 21. században : nemzetközi magyar nyelvű tudományos konferencia 
650 4 |a Társadalomtudományok 
650 4 |a Közgazdasági és gazdálkodástudományok 
695 |a Mezőgazdaság - Dél-Alföld - előadáskivonat, Vidékfejlesztés - Dél-Alföld - előadáskivonat 
700 0 1 |a Csiba Anita  |e aut 
711 |a Műszaki, technológiai és gazdasági kihívások a 21. században  |c Szeged  |d 2025. május 30. 
856 4 0 |u http://acta.bibl.u-szeged.hu/88052/1/mtg_kihivasok_konf_2025_058.pdf  |z Dokumentum-elérés